South Eastern Kenya University

Library Online Public Access Catalogue


Basic microbiology / (Record no. 8426)

MARC details
000 -LEADER
fixed length control field 00424nam a2200157 a 4500
020 ## - ISBN
International Standard Book Number 0060468483
050 00 - LIBRARY OF CONGRESS CALL NUMBER
Classification Number QR 41.2
Item Number .V64 1988
100 1# - MAIN ENTRY--Author
Personal name Volk, Wesley A.
245 10 - TITLE
Title Basic microbiology /
Statement of responsibility, etc Wesley A. Volk, Margaret F. Wheeler.
250 ## - EDITIONSTATEMENT
Edition statement 6th ed.
260 ## - PUBLICATION, DISTRIBUTION, ETC.(IMPRINT)
Place of publication, distribution, etc New York :
Name of publisher, distributor, etc Harper & Row,
300 ## - PHYSICAL DESCRIPTION
Extent 687 p., 8 leaves of plates :
650 #0 - SUBJECT--TOPIC
Topical term following geographic name as entry element Microbiology
700 1# - ADDED ENTRY--PERSONAL AUTHOR
Personal Name Wheeler, Margaret F.
942 ## - ADDED ENTRY ELEMENTS(KOHA)
Source of classification or shelving scheme Library of Congress Classification
Koha item type General circulation
Holdings
Source of classification or shelving scheme Not for loan Location (home branch) Sublocation (holding branch) Shelving location Date accessioned Full call number Barcode Koha item type Public note
Library of Congress Classification   Main Campus Library Main Campus Library   05/08/2015 QR 41.2 .V64 1988 2015/007001 General circulation smo
Kitui, Kenya.
+254736116989
library@seku.ac.ke